Faculty of Law Library — Cairo University

Official Online Catalog

International Chamber of Commerce arbitration / (Record no. 69736)

MARC details
000 -LEADER
fixed length control field 01199pam a2200337 a 4500
003 - CONTROL NUMBER IDENTIFIER
control field EG-GICUC
005 - DATE AND TIME OF LATEST TRANSACTION
control field 20260408135644.0
008 - FIXED-LENGTH DATA ELEMENTS--GENERAL INFORMATION
fixed length control field 840417s1984 nyu frb 001 0 eng
020 ## - INTERNATIONAL STANDARD BOOK NUMBER
International Standard Book Number 0379101610
040 ## - CATALOGING SOURCE
Original cataloging agency EG-GICUC
Transcribing agency EG-GICUC
Modifying agency EG-GICUC
Language of cataloging eng
Description conventions rda
082 00 - DEWEY DECIMAL CLASSIFICATION NUMBER
Classification number 341.851
Edition number 21
Item number CR . I
092 04 - LOCALLY ASSIGNED DEWEY CALL NUMBER (OCLC)
Edition number 21
099 ## - LOCAL FREE-TEXT CALL NUMBER (OCLC)
Classification number Law1 12 341.851 CR . I 1984
100 1# - MAIN ENTRY--PERSONAL NAME
Personal name Craig, W. Laurence
Relator term Author.
245 10 - TITLE STATEMENT
Title International Chamber of Commerce arbitration /
Statement of responsibility, etc. by W. Laurence Craig, William W. Park, Jan Paulsson ; preface by Pierre Bellet.
264 ## - PRODUCTION, PUBLICATION, DISTRIBUTION, MANUFACTURE, AND COPYRIGHT NOTICE
Place of production, publication, distribution, manufacture New York :
Name of producer, publisher, distributor, manufacturer Oceana Publications ;
Date of production, publication, distribution, manufacture, or copyright notice 1984.
300 ## - PHYSICAL DESCRIPTION
Extent various pagings ;
Dimensions 26 cm.
336 ## - CONTENT TYPE
Content type term text
Content type code txt
Source rdacontent
337 ## - MEDIA TYPE
Media type term unmediated
Media type code n
Source rdamedia
338 ## - CARRIER TYPE
Carrier type term volume
Carrier type code nc
Source rdacarrier
504 ## - BIBLIOGRAPHY, ETC. NOTE
Bibliography, etc. note Includes bibliographical references and index.
546 ## - LANGUAGE NOTE
Language note Text in English
650 #0 - SUBJECT ADDED ENTRY--TOPICAL TERM
Topical term or geographic name entry element International commercial arbitration.
650 #0 - SUBJECT ADDED ENTRY--TOPICAL TERM
Topical term or geographic name entry element Private international law
700 1# - ADDED ENTRY--PERSONAL NAME
Personal name Park, William W.
Relator term joint author.
700 1# - ADDED ENTRY--PERSONAL NAME
Personal name Paulsson, Jan.
Relator term joint author.
710 2# - ADDED ENTRY--CORPORATE NAME
Corporate name or jurisdiction name as entry element International Chamber of Commerce.
856 40 - ELECTRONIC LOCATION AND ACCESS
Uniform Resource Identifier <a href="https://fll.law.cu.edu.eg/fulltext/bks/B12-03100.pdf">https://fll.law.cu.edu.eg/fulltext/bks/B12-03100.pdf</a>
905 ## - Cataloger and Reviser Names
Cataloger Name: Abdulrhman Sobhy
942 ## - ADDED ENTRY ELEMENTS (KOHA)
Source of classification or shelving scheme Dewey Decimal Classification
Koha item type Books
Edition 21
Suppress in OPAC No
Holdings
Withdrawn status Lost status Source of classification or shelving scheme Damaged status Not for loan Collection Home library Current library Date acquired Source of acquisition Total checkouts Full call number Barcode Date last seen Copy number Price effective from Koha item type
    Dewey Decimal Classification   Not for loan القانون الدولي الخاص جــــامعة القــاهرة مكتبة كلية الحقوق - المبنى الرئيسي 08.04.2026 إهداء مكتبة الأستاذ الدكتور صلاح عامر   Law1 12 341.851 CR . I 1984 1203100 C1 B12-03100 08.04.2026 1 08.04.2026 Books

© All rights reserved — Faculty of Law, Cairo University